[Event "Hoogeveen Open"]
[Site "Hoogeveen, Netherlands"]
[Date "2016.10.21"]
[Round "8"]
[White "Mellema, Andries"]
[Black "Van der Veen, Jan"]
[Result "0-1"]
[WhiteElo "2143"]
[BlackElo "2059"]
[PlyCount "290"]
[EventDate "2016.??.??"]

1. Nc3 d5 2. e4 dxe4 3. Nxe4 Nd7 4. Bc4 e6 5. Qe2 Ngf6 6. Ng5 Nb6 7. Bb3 h6 8.
N5f3 Be7 9. Ne5 O-O 10. Ngf3 Nbd7 11. Nxf7 Rxf7 12. Bxe6 Nf8 13. Bxf7+ Kxf7 14.
O-O Kg8 15. Re1 Be6 16. d4 Bd6 17. c4 c6 18. Ne5 Bxe5 19. dxe5 N6d7 20. b3 Qe7
21. Bb2 Ng6 22. Qe3 Qf7 23. g3 a6 24. f4 Re8 25. Rad1 h5 26. Rd6 h4 27. Qd3 Bf5
28. Qd4 Ndf8 29. Rd8 Ne6 30. Rxe8+ Qxe8 31. Qe3 hxg3 32. hxg3 Nh8 33. Kf2 Nf7
34. Ke2 Nh6 35. Kd1 Ng4 36. Qd2 Qh5 37. Qe2 Qg6 38. b4 Bd3 39. Qd2 $11 Bxc4 40.
Qc2 Bd3 41. Qd2 Bb1 42. Ba1 Qf7 43. Kc1 Bg6 44. Bc3 Qf5 45. Kb2 Nh6 46. Rc1 Qf7
47. Rg1 Bf5 48. Qd1 Bg4 49. Qd6 Qe8 50. Rh1 Nf5 51. Qd3 Qe7 52. a3 b5 53. Rg1
Qb7 54. Qe4 Qd7 55. Rg2 Qe8 56. Qd3 Nc7 57. e6 Nd5 58. Qe4 Nd6 59. Qd4 Qe7 60.
Rg1 Nc4+ 61. Ka2 Nxc3+ 62. Qxc3 Bxe6 63. Re1 Qd7 64. Ka1 Qd5 65. Qc2 Nxa3 66.
Qb2 Nc4 67. Qf2 Bf7 68. Qa7 Qd2 69. Qa8+ Kh7 70. Rh1+ Kg6 71. Qxc6+ Nd6 72. f5+
Kg5 73. Qc1 Qxc1+ 74. Rxc1 Bc4 75. g4 Ne4 76. Re1 Nd6 77. Re7 Nf7 78. Re1 Kf6
79. Kb2 Nh6 80. Kc3 Kg5 81. Re7 Nf7 82. Re1 Nh6 83. Re7 Bf7 84. Kd4 Kxg4 85.
Ke5 Kg5 86. Ra7 Ng4+ 87. Ke4 Nf6+ 88. Ke5 Ng4+ 89. Ke4 Nh6 90. Ke5 Ng4+ 91. Ke4
Kf6 92. Rxa6+ Ke7 93. Ra7+ Kf8 94. Ra8+ Be8 95. Kf4 Nh6 96. Ke5 Ke7 97. Ra6 Bd7
98. Rg6 Nxf5 99. Rg5 Kf7 100. Rg2 g6 101. Rd2 Be6 102. Rd1 Ne3 103. Re1 Nc4+
104. Kd4 Bd7 105. Rf1+ Ke6 106. Kc5 Ne5 107. Re1 Kf6 108. Kd6 Nd3 109. Re7 Bf5
110. Rb7 Nxb4 111. Rxb5 Nd3 112. Kd5 Kg5 113. Kd4 Kf4 114. Rb1 Ne5 115. Rb8
Nf3+ 116. Kc3 g5 117. Rg8 g4 118. Rxg4+ Bxg4 119. Kc4 Ke4 120. Kc3 Be6 121. Kc2
Kd4 122. Kb2 Bc4 123. Kc2 Ne5 124. Kd2 Bd3 125. Kc1 Nc4 126. Kd1 Bf5 127. Ke2
Ke4 128. Kf2 Bg4 129. Kg3 Kf5 130. Kh4 Nd6 131. Kg3 Kg5 132. Kf2 Kf4 133. Kg2
Ne4 134. Kf1 Kf3 135. Ke1 Ke3 136. Kf1 Kd2 137. Kg1 Ke1 138. Kg2 Ke2 139. Kg1
Bh3 140. Kh2 Bf1 141. Kg1 Ke1 142. Kh1 Kf2 143. Kh2 Nd2 144. Kh1 Bg2+ 145. Kh2
Nf3# 0-1

[Event "Hoogeveen Open"]
[Site "Hoogeveen, Netherlands"]
[Date "2016.10.21"]
[Round "8.29"]
[White "Hendriks, Richard"]
[Black "Hoffman, Ron"]
[Result "0-1"]
[WhiteElo "2122"]
[BlackElo "2074"]
[PlyCount "66"]
[EventDate "2016.??.??"]

1. e4 g6 2. d4 Bg7 3. Nc3 d6 4. f4 a6 5. Nf3 b5 6. Bd3 Nd7 7. a4 b4 8. Ne2 Bb7
9. O-O Ngf6 10. e5 Nd5 11. a5 c5 12. c3 bxc3 13. bxc3 O-O 14. Bc4 Qc7 15. Qb3
Qc6 16. Ba3 Rab8 17. Rfd1 e6 18. Rd3 Rfc8 19. Rc1 Bf8 20. Qa2 Qa4 21. f5 cxd4
22. Bb3 Qxa5 23. fxe6 fxe6 24. exd6 dxc3 25. Nxc3 Rxc3 26. Rcxc3 Nxc3 27. Bxe6+
Kh8 28. Rxc3 Bg7 29. Re3 Bxf3 30. Bxd7 Qb6 31. Qf2 Bd4 32. Bb2 Qxb2 33. Re8+
Rxe8 0-1

[Event "Hoogeveen Open"]
[Site "Hoogeveen, Netherlands"]
[Date "2016.10.21"]
[Round "8.30"]
[White "Taams, Sander"]
[Black "De Boer, Bas"]
[Result "1/2-1/2"]
[WhiteElo "1857"]
[BlackElo "2149"]
[PlyCount "157"]
[EventDate "2016.??.??"]

1. e4 c5 2. Nf3 e6 3. d3 Nc6 4. g3 Nf6 5. Bg2 Be7 6. O-O d6 7. c4 O-O 8. Nc3
Bd7 9. d4 cxd4 10. Nxd4 Nxd4 11. Qxd4 Bc6 12. b3 a6 13. Ba3 Qa5 14. Bb2 b5 15.
cxb5 axb5 16. Qe3 Rac8 17. Nd5 Bxd5 18. exd5 Rc2 19. Bxf6 Bxf6 20. Rac1 Qxa2
21. dxe6 fxe6 22. Qxe6+ Kh8 23. Qxd6 Ra8 24. Rxc2 Qxc2 25. Re1 Qg6 26. Qc6 Rf8
27. Qxb5 Bd4 28. Rf1 Qc2 29. Kh1 Bxf2 30. Qb4 Qc8 31. Qd2 Bb6 32. Rxf8+ Qxf8
33. Qe2 Bc5 34. Bf3 Qg8 35. Qd3 Qf8 36. Kg2 Be7 37. Be4 g6 38. b4 Qf6 39. b5
Kg7 40. Qd7 Qd6 41. Qxd6 Bxd6 42. b6 Kf6 43. Kf3 h5 44. h3 h4 45. gxh4 Kg7 46.
Kg4 Kh6 47. Bd5 Bh2 48. b7 Bb8 49. Bf3 Bc7 50. Be2 Bb8 51. Kf3 Bc7 52. Ke4 Bb8
53. Kd5 Bh2 54. Ke6 Kg7 55. Bd3 Bb8 56. Kd7 Bf4 57. Kc8 Kh8 58. Be4 Kg7 59.
b8=N Bxb8 60. Kxb8 Kh7 61. Kc7 Kg7 62. Kd7 Kh8 63. Ke7 Kg7 64. Bd3 Kh8 65. Kf7
Kh7 66. Kf6 Kh8 67. Kf7 Kh7 68. Bc2 Kh8 69. Kf6 Kg8 70. Ke7 Kg7 71. Ke6 Kg8 72.
Kf6 Kh8 73. Bb1 Kg8 74. Ba2+ Kh8 75. Kf7 Kh7 76. Kf8 Kh8 77. Bb1 Kh7 78. h5 Kh8
79. hxg6 1/2-1/2

[Event "Hoogeveen Open"]
[Site "Hoogeveen, Netherlands"]
[Date "2016.10.21"]
[Round "8.31"]
[White "Hulshof, Peter"]
[Black "Kouwenhoven, Derk"]
[Result "1/2-1/2"]
[WhiteElo "2223"]
[BlackElo "1964"]
[PlyCount "100"]
[EventDate "2016.??.??"]

1. g3 g6 2. Bg2 Bg7 3. e4 d6 4. d3 c5 5. Nc3 Nc6 6. f4 e6 7. Nf3 Nge7 8. O-O
O-O 9. Be3 b6 10. d4 d5 11. exd5 Nf5 12. Bf2 Ncxd4 13. Ne5 exd5 14. Nxd5 Ba6
15. Re1 Rc8 16. c3 Ne6 17. Qa4 Bb7 18. Rad1 Bxe5 19. Rxe5 Nd6 20. Qxa7 Ra8 21.
Qxb6 Rxa2 22. Qxd8 Rxd8 23. Nf6+ Kg7 24. Rxd6 Ra1+ 25. Re1 Rxe1+ 26. Bxe1 Kxf6
27. Rxd8 Nxd8 28. Bxb7 Nxb7 29. b4 Ke6 30. Kf2 Kd5 31. Ke3 f5 32. h3 Nd6 33.
bxc5 Kxc5 34. Kd3 Kd5 35. g4 Nc4 36. gxf5 gxf5 37. Bh4 Nd6 38. Be7 Nc4 39. Bf6
Nd6 40. Bh8 Nc4 41. Be5 Nxe5+ 42. fxe5 Kxe5 43. Ke3 Kd5 44. Kf4 Kc4 45. Kxf5
Kxc3 46. Kg5 Kd4 47. Kh6 Ke4 48. Kxh7 Kf4 49. h4 Kg4 50. h5 Kxh5 1/2-1/2

[Event "Hoogeveen Open"]
[Site "Hoogeveen, Netherlands"]
[Date "2016.10.21"]
[Round "8.32"]
[White "Schoehuijs, Erik"]
[Black "Pieters, Minko"]
[Result "0-1"]
[WhiteElo "2169"]
[BlackElo "1954"]
[PlyCount "178"]
[EventDate "2016.??.??"]

1. d4 f5 2. g3 Nf6 3. Bg2 g6 4. c4 Bg7 5. Nf3 O-O 6. Nc3 d6 7. O-O Kh8 8. b3
Nc6 9. Bb2 Nh5 10. d5 Ne5 11. Nd4 a6 12. e3 Bf6 13. Qd2 Ng7 14. Rfe1 g5 15. f4
gxf4 16. exf4 Ng4 17. Re2 Qe8 18. Rae1 Qg6 19. Nf3 Bd7 20. Nd1 Rae8 21. h3 Nh6
22. Bxf6 Qxf6 23. Qc3 Qxc3 24. Nxc3 Ng8 25. Nd4 Rf6 26. Bf3 h5 27. Kh2 Rh6 28.
b4 Rf8 29. c5 h4 30. Rxe7 hxg3+ 31. Kxg3 Nxe7 32. Rxe7 Rg8 33. Kf2 dxc5 34.
bxc5 Rd8 35. Bg2 Nh5 36. Nf3 Nxf4 37. Ne5 Be8 38. Rxc7 Nxh3+ 39. Ke3 Ng5 40.
Rxb7 Rh4 41. c6 f4+ 42. Kf2 f3 43. Nxf3 Nxf3 44. Bxf3 Rc4 45. Ne4 Rc2+ 46. Ke3
Bg6 47. Nf6 Rc3+ 48. Kf4 Rf8 49. Bg4 Rxf6+ 50. Kg5 Rfxc6 51. dxc6 Rxc6 52. Bd1
Bc2 53. Be2 Rg6+ 54. Kf4 Re6 55. Bc4 Re4+ 56. Kf3 Rxc4 57. Rb2 Kg7 58. Ke3 Ba4
59. Kd2 Bb5 60. Rc2 Re4 61. Kc3 Kf6 62. Kb2 Ke5 63. Rd2 Re3 64. Rd8 Ke4 65. Rd6
Kf3 66. Rd2 Be2 67. Rd8 Kf2 68. Rd6 Ke1 69. Rd8 Re4 70. a3 a5 71. Ra8 a4 72.
Rb8 Bd1 73. Rd8 Re2+ 74. Kb1 Bc2+ 75. Ka1 Bb3 76. Rd4 Ra2+ 77. Kb1 Rxa3 78. Rh4
Kd2 79. Rh2+ Kc3 80. Rh3+ Kb4 81. Rh4+ Bc4 82. Rg4 Re3 83. Rg1 a3 84. Ka1 Re2
85. Rh1 Rc2 86. Rg1 Bd3 87. Re1 Kb3 88. Rb1+ Rb2 89. Rd1 Ra2# 0-1

[Event "Hoogeveen Open"]
[Site "Hoogeveen, Netherlands"]
[Date "2016.10.21"]
[Round "8"]
[White "Van Dael, Siem"]
[Black "Boersma, Jan"]
[Result "0-1"]
[WhiteElo "1995"]
[BlackElo "2099"]
[PlyCount "62"]
[EventDate "2016.??.??"]
[Source "ChessPublishing"]
[SourceDate "2016.10.20"]

1. e4 c5 2. Nf3 g6 3. d4 cxd4 4. Nxd4 Nc6 5. c4 Nf6 6. Nc3 d6 7. Be2 Nxd4 8.
Qxd4 Bg7 9. Be3 O-O 10. Qd2 Nd7 11. O-O Nc5 12. f3 a5 13. b3 Bd7 14. Rfc1 Be5
15. Bf1 Bc6 16. Rab1 f5 17. exf5 gxf5 18. a3 a4 19. bxa4 Nxa4 20. Nd5 Nc5 21.
Qe1 Bxd5 22. cxd5 b6 23. Rb5 Rxa3 24. Rcb1 Qe8 25. Rxb6 Qh5 26. f4 Bf6 27. Bxc5
dxc5 28. Bc4 Bd4+ 29. Kh1 Rh3 30. d6+ e6 31. Qxe6+ Kh8 0-1

[Event "Hoogeveen Open"]
[Site "Hoogeveen, Netherlands"]
[Date "2016.10.21"]
[Round "8"]
[White "Wedda, Dries"]
[Black "Elgersma, Simon"]
[Result "1-0"]
[WhiteElo "1994"]
[BlackElo "2084"]
[PlyCount "79"]
[EventDate "2016.??.??"]
[Source "ChessPublishing"]
[SourceDate "2016.10.20"]

1. d4 Nf6 2. c4 g6 3. f3 Bg7 4. e4 d6 5. Nc3 O-O 6. Nge2 c5 7. d5 e6 8. Ng3
exd5 9. cxd5 h5 10. Bg5 Qb6 11. Qd2 Nh7 12. Be3 a6 13. a4 Nd7 14. Be2 h4 15.
Nf1 Ne5 16. a5 Qb4 17. Na4 Qxd2+ 18. Nxd2 f5 19. f4 Ng4 20. Bxg4 fxg4 21. Nc4
Rd8 22. O-O-O Bf8 23. e5 Bf5 24. Nab6 Rab8 25. Nxd6 Bxd6 26. exd6 Nf6 27. Bxc5
Ne4 28. b4 Nxd6 $11 29. Bxd6 Rxd6 30. Rhe1 Rf8 31. Re7 Rf7 32. Rde1 Kf8 33.
Rxf7+ Kxf7 34. Kd2 Rd8 35. Kc3 Re8 36. Rxe8 Kxe8 37. Kd4 g3 38. hxg3 hxg3 39.
Nc4 Kd7 40. Ne3 1-0

[Event "Hoogeveen Open"]
[Site "Hoogeveen, Netherlands"]
[Date "2016.10.21"]
[Round "8.36"]
[White "Kokje, Joris"]
[Black "Den Dunnen, Lola"]
[Result "1-0"]
[WhiteElo "2126"]
[BlackElo "1890"]
[PlyCount "79"]
[EventDate "2016.??.??"]

1. d4 Nf6 2. c4 e6 3. Nf3 d5 4. g3 c6 5. Bg2 Be7 6. O-O O-O 7. Nfd2 Nbd7 8. Nc3
b6 9. Re1 Bb7 10. e4 dxe4 11. Ndxe4 Nxe4 12. Nxe4 Nf6 13. Be3 Nxe4 14. Bxe4 Qc7
15. Qc2 h6 16. Rad1 Rfd8 17. a3 a5 18. f4 Bf6 19. Qf2 Qe7 20. Qf3 Qc7 21. g4 g6
22. f5 exf5 23. gxf5 g5 24. Kh1 Rac8 25. h4 Kg7 26. Rg1 Rh8 27. Rg2 Rcg8 28.
Bf4 Qd7 29. Be5 Qe7 30. Kg1 Bxe5 31. dxe5 Qxe5 32. hxg5 Qc5+ 33. Rf2 Re8 34.
f6+ Kf8 35. g6 fxg6 36. Bxg6 Rg8 37. Qg3 Rc8 38. Rd7 Ba6 39. Rf7+ Ke8 40. Rg7+
1-0

[Event "Hoogeveen Open"]
[Site "Hoogeveen, Netherlands"]
[Date "2016.10.21"]
[Round "8.37"]
[White "Bos, Robin"]
[Black "Bensaid, Simon"]
[Result "1/2-1/2"]
[WhiteElo "2025"]
[BlackElo "1983"]
[PlyCount "110"]
[EventDate "2016.??.??"]

1. e4 c5 2. Nf3 Nc6 3. d4 cxd4 4. Nxd4 Nf6 5. Nc3 d6 6. Be3 Ng4 7. Bg5 h6 8.
Bc1 Qb6 9. Bb5 e5 10. Nd5 Qxd4 11. Qxd4 exd4 12. Nc7+ Kd8 13. Nxa8 Bd7 14. Bf4
Nb4 15. Bxd7 Kxd7 16. O-O-O Nxf2 17. Rxd4 Nc6 18. Rd2 Nxh1 19. e5 g5 20. Be3 b6
21. exd6 Bxd6 22. Nxb6+ axb6 23. Bxb6 Re8 24. Rd1 Re2 25. Bc5 Re6 26. Bxd6 Rxd6
27. Rxh1 Rf6 28. c3 Rf2 29. Rd1+ Ke6 30. Rd2 Rf1+ 31. Kc2 Rh1 32. h3 Ra1 33. a3
f5 34. c4 Ke5 35. Rd5+ Ke4 36. Rd6 Nd4+ 37. Kc3 Rc1+ 38. Kb4 Rc2 39. Kc5 Nb3+
40. Kb4 Nd4 41. Kc5 Nb3+ 42. Kb4 Nc1 43. Rxh6 Rxb2+ 44. Kc3 Rxg2 45. c5 Rg3+
46. Kc4 Rxa3 47. c6 f4 48. Re6+ Kf3 49. Rg6 Ne2 50. Rxg5 Ke4 51. Rg8 Rxh3 52.
Re8+ Kf3 53. c7 Rh1 54. c8=Q Rc1+ 55. Kd3 Rd1+ 1/2-1/2

[Event "Hoogeveen Open"]
[Site "Hoogeveen, Netherlands"]
[Date "2016.10.21"]
[Round "8.38"]
[White "Mesman, Edwyn"]
[Black "Hilwerda, Jonas"]
[Result "0-1"]
[WhiteElo "1979"]
[BlackElo "2013"]
[PlyCount "64"]
[EventDate "2016.??.??"]
[Source "ChessPublishing"]
[SourceDate "2016.10.20"]

1. d4 f5 2. c4 Nf6 3. Nf3 g6 4. g3 Bg7 5. Bg2 O-O 6. b4 c6 7. Bb2 d5 8. Nbd2 a5
9. a3 axb4 10. axb4 Rxa1 11. Bxa1 Qb6 12. Qb3 Na6 13. Bc3 Ne4 14. cxd5 Nxc3 15.
dxc6+ e6 16. Qxc3 Qxc6 17. Qb2 Bxd4 18. Qb1 Nxb4 19. O-O Bc5 20. Rc1 Qb6 21.
Nc4 Qa7 22. Kf1 b6 23. Nfe5 Bb7 24. Bxb7 Qxb7 25. Kg1 Rd8 26. h4 Qd5 27. e3 b5
28. Na5 Qxe5 29. Rxc5 Qxc5 30. Nb7 Qc2 31. Qxc2 Nxc2 32. Nxd8 b4 0-1

[Event "Hoogeveen Open"]
[Site "Hoogeveen, Netherlands"]
[Date "2016.10.21"]
[Round "8.39"]
[White "De Boer, Eelke"]
[Black "Bruggink, Tycho"]
[Result "1-0"]
[WhiteElo "2018"]
[BlackElo "1895"]
[PlyCount "41"]
[EventDate "2016.??.??"]
[Source "ChessPublishing"]
[SourceDate "2016.10.20"]

1. e4 e5 2. Nf3 Nc6 3. Bb5 a6 4. Ba4 Nf6 5. O-O b5 6. Bb3 d6 7. Ng5 d5 8. exd5
Nxd5 9. Qf3 Be6 10. Nxe6 fxe6 11. Nc3 Nce7 12. Re1 Qd6 13. Ne4 Qd7 14. Ng5 Ng6
15. Nxe6 c6 16. Bxd5 cxd5 17. Qxd5 Qxd5 18. Nc7+ Kd7 19. Nxd5 Kc6 20. Ne3 Bc5
21. a4 1-0

[Event "Hoogeveen Open 2016"]
[Site "Hoogeveen"]
[Date "2016.10.22"]
[Round "9.1"]
[White "Van Foreest, Lucas"]
[Black "Gupta, Abhijeet"]
[Result "1/2-1/2"]
[BlackElo "2626"]
[WhiteElo "2350"]
[LiveChessVersion "1.4.8"]

1. e4 {[%clk 1:30:59]} c5 {[%clk 1:30:48]} 2. Nf3 {[%clk 1:31:22]} d6
{[%clk 1:31:13]} 3. d4 {[%clk 1:31:40]} cxd4 {[%clk 1:31:38]} 4. Nxd4
{[%clk 1:32:06]} Nf6 {[%clk 1:32:03]} 5. Nc3 {[%clk 1:32:31]} Nc6
{[%clk 1:32:29]} 6. Bg5 {[%clk 1:32:41]} e6 {[%clk 1:32:54]} 7. Qd2
{[%clk 1:33:04]} a6 {[%clk 1:33:19]} 8. O-O-O {[%clk 1:32:45]} Bd7
{[%clk 1:33:43]} 9. f4 {[%clk 1:33:09]} b5 {[%clk 1:34:09]} 10. Bxf6
{[%clk 1:33:20]} gxf6 {[%clk 1:34:34]} 11. Nxc6 {[%clk 1:33:26]} Bxc6
{[%clk 1:34:58]} 12. f5 {[%clk 1:33:18]} Qb6 {[%clk 1:31:28]} 13. Ne2
{[%clk 1:33:42]} Qc5 {[%clk 1:28:28]} 14. Kb1 {[%clk 1:32:56]} h5
{[%clk 1:19:17]} 15. fxe6 {[%clk 1:21:10]} fxe6 {[%clk 1:19:43]} 16. Nf4
{[%clk 1:21:24]} Bh6 {[%clk 1:09:38]} 17. Nxe6 {[%clk 1:16:31]} Bxd2
{[%clk 1:09:23]} 18. Nxc5 {[%clk 1:16:57]} dxc5 {[%clk 1:08:32]} 19. Rxd2
{[%clk 1:17:23]} Rd8 {[%clk 1:08:47]} 20. Rxd8+ {[%clk 1:11:44]} Kxd8
{[%clk 1:09:12]} 21. Rg1 {[%clk 0:59:11]} h4 {[%clk 1:05:53]} 22. a4
{[%clk 0:59:01]} c4 {[%clk 1:05:53]} 23. axb5 {[%clk 0:58:33]} axb5
{[%clk 1:06:19]} 24. g3 {[%clk 0:38:47]} Ke7 {[%clk 0:42:04]} 25. Bg2
{[%clk 0:20:12]} Ke6 {[%clk 0:35:37]} 26. Kc1 {[%clk 0:20:22]} hxg3
{[%clk 0:35:50]} 27. hxg3 {[%clk 0:20:48]} Rh2 {[%clk 0:36:12]} 28. g4
{[%clk 0:15:30]} Ke5 {[%clk 0:36:14]} 29. Bf3 {[%clk 0:15:43]} Kf4
{[%clk 0:19:59]} 30. Rf1 {[%clk 0:16:02]} Ke3 {[%clk 0:19:42]} 31. Bd1
{[%clk 0:14:20]} Rf2 {[%clk 0:19:44]} 32. Rg1 {[%clk 0:11:07]} Bxe4
{[%clk 0:15:31]} 33. g5 {[%clk 0:11:34]} f5 {[%clk 0:13:03]} 34. Rg3+
{[%clk 0:06:36]} Kf4 {[%clk 0:09:49]} 35. Rg1 {[%clk 0:07:05]} Ke3
{[%clk 0:03:15]} 36. Rg3+ {[%clk 0:07:28]} Kf4 {[%clk 0:03:42]} 37. Rg1
{[%clk 0:07:57]} Rg2 {[%clk 0:01:25]} 38. Rxg2 {[%clk 0:08:22]} Bxg2
{[%clk 0:01:51]} 39. Kd2 {[%clk 0:08:31]} Kxg5 {[%clk 0:01:20]} 40. Ke3
{[%clk 0:08:26]} f4+ {[%clk 0:00:55]} 41. Kf2 {[%clk 0:06:13]} Bc6
{[%clk 0:26:31]} 42. c3 {[%clk 0:34:49]} Kf5 {[%clk 0:26:44]} 43. Bh5
{[%clk 0:31:28]} Ke5 {[%clk 0:26:50]} 44. Bf7 {[%clk 0:30:37]} Kf6
{[%clk 0:25:09]} 45. Bh5 {[%clk 0:30:54]} Ke6 {[%clk 0:25:33]} 46. Bg6
{[%clk 0:29:27]} Kd6 {[%clk 0:25:57]} 47. Bh5 {[%clk 0:28:06]} Kc5
{[%clk 0:26:21]} 48. Bf3 {[%clk 0:26:54]} Bd5 {[%clk 0:26:41]} 49. Ke2
{[%clk 0:25:10]} Kd6 {[%clk 0:24:12]} 50. Bh5 {[%clk 0:25:35]} Bc6
{[%clk 0:24:31]} 51. Kf2 {[%clk 0:25:53]} Be4 {[%clk 0:24:39]} 52. Bd1
{[%clk 0:24:38]} Kc5 {[%clk 0:24:09]} 53. Bf3 {[%clk 0:24:31]} Bc2
{[%clk 0:24:33]} 54. Ba8 {[%clk 0:22:54]} Bd1 {[%clk 0:21:48]} 55. Bf3
{[%clk 0:22:17]} Bc2 {[%clk 0:22:12]} 56. Ba8 {[%clk 0:22:38]} Bd1
{[%clk 0:22:28]} 57. Bf3 {[%clk 0:23:03]} 1/2-1/2

[Event "Hoogeveen Open 2016"]
[Site "Hoogeveen"]
[Date "2016.10.22"]
[Round "9.2"]
[White "Sandipan, Chanda"]
[Black "Lalith Babu M R"]
[Result "1-0"]
[BlackElo "2586"]
[WhiteElo "2593"]
[LiveChessVersion "1.4.8"]

1. d4 {[%clk 1:30:57]} Nf6 {[%clk 1:30:54]} 2. Nf3 {[%clk 1:31:04]} e6
{[%clk 1:31:15]} 3. Bf4 {[%clk 1:31:25]} c5 {[%clk 1:30:36]} 4. e3
{[%clk 1:31:46]} d5 {[%clk 1:30:56]} 5. c3 {[%clk 1:31:54]} Nc6 {[%clk 1:30:56]}
6. Nbd2 {[%clk 1:32:15]} Bd6 {[%clk 1:31:19]} 7. Bg3 {[%clk 1:32:36]} O-O
{[%clk 1:31:40]} 8. Bd3 {[%clk 1:32:46]} b6 {[%clk 1:31:47]} 9. Qe2
{[%clk 1:32:42]} Bb7 {[%clk 1:31:05]} 10. O-O {[%clk 1:32:55]} Rc8
{[%clk 1:21:45]} 11. a3 {[%clk 1:31:33]} Ne7 {[%clk 1:10:33]} 12. Bxd6
{[%clk 1:31:43]} Qxd6 {[%clk 1:10:58]} 13. Ne5 {[%clk 1:32:05]} Ne4
{[%clk 0:54:55]} 14. Nxe4 {[%clk 1:16:40]} dxe4 {[%clk 0:55:17]} 15. Ba6
{[%clk 1:17:02]} Bxa6 {[%clk 0:51:15]} 16. Qxa6 {[%clk 1:17:22]} Qc7
{[%clk 0:39:52]} 17. f3 {[%clk 1:11:41]} f6 {[%clk 0:36:23]} 18. Ng4
{[%clk 1:12:04]} h5 {[%clk 0:36:22]} 19. Nf2 {[%clk 1:12:27]} exf3
{[%clk 0:36:46]} 20. gxf3 {[%clk 1:12:42]} Nd5 {[%clk 0:36:22]} 21. Qe2
{[%clk 1:05:28]} e5 {[%clk 0:34:49]} 22. c4 {[%clk 1:03:28]} Ne7 {[%clk 0:34:05]}
23. d5 {[%clk 1:03:26]} Nf5 {[%clk 0:34:07]} 24. Ne4 {[%clk 1:01:44]} Nd6
{[%clk 0:32:48]} 25. Kh1 {[%clk 0:57:33]} Nxe4 {[%clk 0:19:36]} 26. fxe4
{[%clk 0:56:10]} g6 {[%clk 0:18:03]} 27. Rf3 {[%clk 0:46:28]} Qh7 28. Raf1 Kg7
{[%clk 0:17:13]} 29. h4 {[%clk 0:34:02]} Rc7 {[%clk 0:17:06]} 30. Qf2
{[%clk 0:33:01]} Rcf7 {[%clk 0:16:43]} 31. Qg3 Kh8 {[%clk 0:15:12]} 32. Kh2
{[%clk 0:29:26]} Qh6 {[%clk 0:15:21]} 33. Qh3 {[%clk 0:26:38]} Qg7
{[%clk 0:13:39]} 34. Qe6 {[%clk 0:26:19]} Kh7 {[%clk 0:13:54]} 35. d6
{[%clk 0:25:40]} a5 {[%clk 0:12:09]} 36. R1f2 {[%clk 0:18:47]} Kh6
{[%clk 0:11:19]} 37. Kg1 {[%clk 0:15:46]} g5 {[%clk 0:10:06]} 38. hxg5+
{[%clk 0:10:02]} Qxg5+ {[%clk 0:10:26]} 39. Rg2 {[%clk 0:10:07]} Qh4
{[%clk 0:10:46]} 40. d7 {[%clk 0:08:54]} Qxe4 {[%clk 0:08:12]} 41. Qxf7
{[%clk 0:06:56]} 1-0

[Event "Hoogeveen Open 2016"]
[Site "Hoogeveen"]
[Date "2016.10.22"]
[Round "9.3"]
[White "Romanishin, Oleg M"]
[Black "Werle, Jan"]
[Result "1-0"]
[BlackElo "2555"]
[WhiteElo "2456"]
[LiveChessVersion "1.4.8"]

1. d4 {[%clk 1:30:57]} Nf6 {[%clk 1:30:52]} 2. Nf3 {[%clk 1:31:23]} e6
{[%clk 1:31:19]} 3. g3 {[%clk 1:31:50]} c5 {[%clk 1:31:10]} 4. Bg2
{[%clk 1:31:58]} cxd4 {[%clk 1:31:34]} 5. Nxd4 {[%clk 1:31:58]} d5
{[%clk 1:31:53]} 6. O-O {[%clk 1:32:15]} e5 {[%clk 1:32:00]} 7. Nb3
{[%clk 1:29:18]} Be6 {[%clk 1:31:25]} 8. Nc3 {[%clk 1:22:01]} Be7
{[%clk 1:30:47]} 9. f4 {[%clk 1:17:26]} exf4 {[%clk 1:30:24]} 10. gxf4
{[%clk 1:16:06]} g6 {[%clk 1:30:13]} 11. Kh1 {[%clk 1:09:37]} Nc6
{[%clk 1:29:53]} 12. Be3 {[%clk 1:09:44]} O-O {[%clk 1:28:43]} 13. Nd4
{[%clk 1:02:44]} Qd7 {[%clk 1:26:25]} 14. Nxe6 {[%clk 1:02:19]} fxe6
{[%clk 1:26:40]} 15. Bg1 {[%clk 1:02:42]} Rad8 {[%clk 1:25:37]} 16. e3
{[%clk 1:03:01]} Nh5 {[%clk 1:18:30]} 17. Qe2 {[%clk 0:43:06]} Bf6
{[%clk 1:15:30]} 18. Rad1 {[%clk 0:34:35]} Qe7 {[%clk 0:59:37]} 19. Na4
{[%clk 0:33:54]} Bg7 {[%clk 0:53:25]} 20. Bf3 {[%clk 0:25:33]} Nf6
{[%clk 0:49:28]} 21. c4 {[%clk 0:24:05]} Kh8 {[%clk 0:37:04]} 22. Nc3
{[%clk 0:20:29]} Qf7 {[%clk 0:32:42]} 23. cxd5 {[%clk 0:16:39]} Nxd5
{[%clk 0:31:45]} 24. Ne4 {[%clk 0:16:45]} Qe7 {[%clk 0:29:01]} 25. Rd2
{[%clk 0:15:03]} Nb6 {[%clk 0:25:21]} 26. Rfd1 {[%clk 0:13:35]} Rxd2
{[%clk 0:25:12]} 27. Rxd2 {[%clk 0:13:57]} e5 {[%clk 0:24:39]} 28. Nd6
{[%clk 0:11:48]} Nc8 {[%clk 0:22:33]} 29. Nxc8 {[%clk 0:10:59]} Rxc8
{[%clk 0:22:22]} 30. Qc4 {[%clk 0:10:13]} Rf8 {[%clk 0:21:27]} 31. Bxc6
{[%clk 0:07:45]} bxc6 {[%clk 0:21:35]} 32. Qxc6 {[%clk 0:08:01]} Qb4
{[%clk 0:18:28]} 33. Rd7 {[%clk 0:06:19]} Qxb2 {[%clk 0:16:39]} 34. Rxa7
{[%clk 0:05:06]} exf4 {[%clk 0:11:41]} 35. exf4 {[%clk 0:05:29]} Rxf4
{[%clk 0:11:15]} 36. Qd6 {[%clk 0:03:23]} Qb5 {[%clk 0:02:41]} 37. Ra8+
{[%clk 0:03:19]} Bf8 {[%clk 0:03:06]} 38. Rxf8+ {[%clk 0:03:04]} Kg7
{[%clk 0:03:34]} 39. Qxf4 {[%clk 0:03:04]} 1-0

[Event "Hoogeveen Open 2016"]
[Site "Hoogeveen"]
[Date "2016.10.22"]
[Round "9.4"]
[White "Shyam, Sundar M."]
[Black "Karavade, Eesha"]
[Result "1-0"]
[BlackElo "2421"]
[WhiteElo "2552"]
[LiveChessVersion "1.4.8"]

1. c4 {[%clk 1:30:40]} g6 {[%clk 1:28:16]} 2. Nc3 {[%clk 1:27:37]} c5
{[%clk 1:27:10]} 3. e3 {[%clk 1:26:30]} Nf6 {[%clk 1:25:15]} 4. d4
{[%clk 1:26:41]} cxd4 {[%clk 1:24:40]} 5. exd4 {[%clk 1:26:59]} Bg7
{[%clk 1:24:29]} 6. Nf3 {[%clk 1:21:36]} d5 {[%clk 1:23:45]} 7. cxd5
{[%clk 1:21:45]} Nxd5 {[%clk 1:23:24]} 8. Bb5+ {[%clk 1:16:52]} Nc6
{[%clk 1:18:53]} 9. O-O {[%clk 1:16:31]} O-O {[%clk 1:18:08]} 10. h3
{[%clk 1:16:21]} h6 {[%clk 1:05:21]} 11. Re1 {[%clk 1:15:47]} Be6
{[%clk 0:59:31]} 12. Bxc6 {[%clk 1:12:33]} Nxc3 {[%clk 0:52:07]} 13. bxc3
{[%clk 1:12:52]} bxc6 {[%clk 0:52:34]} 14. Ne5 {[%clk 1:12:54]} Qd5
{[%clk 0:44:44]} 15. Ba3 {[%clk 1:05:43]} Rfe8 {[%clk 0:38:53]} 16. c4
{[%clk 0:51:44]} Qa5 {[%clk 0:38:17]} 17. Qf3 {[%clk 0:51:55]} Bxe5
{[%clk 0:30:33]} 18. Rxe5 {[%clk 0:49:43]} Qd2 {[%clk 0:29:30]} 19. d5
{[%clk 0:46:58]} cxd5 {[%clk 0:29:25]} 20. cxd5 {[%clk 0:47:19]} Bd7
{[%clk 0:29:19]} 21. Bxe7 {[%clk 0:38:42]} Rac8 {[%clk 0:28:50]} 22. Rae1
{[%clk 0:36:28]} Rc1 {[%clk 0:23:36]} 23. Rxc1 {[%clk 0:35:49]} Qxc1+
{[%clk 0:24:02]} 24. Kh2 {[%clk 0:36:13]} Qc4 {[%clk 0:22:33]} 25. Qe3
{[%clk 0:29:30]} Kg7 {[%clk 0:22:31]} 26. Bc5 {[%clk 0:26:38]} Rc8
{[%clk 0:21:01]} 27. Bd4 {[%clk 0:26:45]} Kg8 {[%clk 0:21:26]} 28. Re4
{[%clk 0:17:17]} Qc1 {[%clk 0:20:11]} 29. Qg3 {[%clk 0:10:04]} Qg5
{[%clk 0:18:24]} 30. Qxg5 {[%clk 0:05:30]} hxg5 {[%clk 0:18:49]} 31. Re7
{[%clk 0:05:58]} Rd8 {[%clk 0:18:10]} 32. Bf6 {[%clk 0:05:13]} a6
{[%clk 0:18:02]} 33. g4 {[%clk 0:04:09]} Kf8 {[%clk 0:18:03]} 34. d6
{[%clk 0:02:15]} Be8 {[%clk 0:17:59]} 35. Ra7 {[%clk 0:01:43]} Rd7
{[%clk 0:18:24]} 36. Be7+ {[%clk 0:02:02]} 1-0